Southville International School and Colleges
Your cart is empty.
  • Cart
  • Lists
    Public lists Eva Luna New books Lux_list list_1
    Your lists Log in to create your own lists
  • Log in to your account
  • Your cookies
  • Search history
Southville International School and Colleges
  • Advanced search
  • Recent comments
  • Most popular
  • Libraries

Log in to your account

Log in with GOOGLE


If you do not have an external account, but do have a local account, you can still log in:

  1. Home
  2. MARC view: Services marketing :
Normal view MARC view ISBD view

Services marketing : (Record no. 22783)

[ view plain ]
MARC details
000 -LEADER
fixed length control field 00653nam a2200229 a 4500
005 - DATE AND TIME OF LATEST TRANSACTION
control field 20140310183433.0
008 - FIXED-LENGTH DATA ELEMENTS--GENERAL INFORMATION
fixed length control field 080111s19uu xx 00 eng d
020 ## - INTERNATIONAL STANDARD BOOK NUMBER
International Standard Book Number 001244964
050 ## - LIBRARY OF CONGRESS CALL NUMBER
Classification number HD 9980.5
Item number .Z44 2013
100 ## - MAIN ENTRY--PERSONAL NAME
Personal name Zeithaml, Valarie
245 ## - TITLE STATEMENT
Title Services marketing :
Remainder of title integrating customer focus across the firm /
260 ## - PUBLICATION, DISTRIBUTION, ETC. (IMPRINT)
Place of publication, distribution, etc U.S.A :
Name of publisher, distributor, etc McGraw-Hill,
Date of publication, distribution, etc 2006.
300 ## - PHYSICAL DESCRIPTION
Extent 708 p. :
Other physical details ill. ;
Dimensions 26 cm.
521 ## - TARGET AUDIENCE NOTE
Target audience note
650 ## - SUBJECT ADDED ENTRY--TOPICAL TERM
Topical term or geographic name as entry element Service industries
General subdivision Marketing.
650 ## - SUBJECT ADDED ENTRY--TOPICAL TERM
Topical term or geographic name as entry element Customer services.
650 ## - SUBJECT ADDED ENTRY--TOPICAL TERM
Topical term or geographic name as entry element Marketing.
700 ## - ADDED ENTRY--PERSONAL NAME
Personal name Bitner, Mary Jo
700 ## - ADDED ENTRY--PERSONAL NAME
Personal name Gremler, Dwayne D.
942 ## - ADDED ENTRY ELEMENTS (KOHA)
Koha item type Books
Source of classification or shelving scheme Library of Congress Classification
Call number prefix Foreign
Holdings
Withdrawn status Lost status Source of classification or shelving scheme Damaged status Home library Current library Shelving location Date acquired Source of acquisition Cost, normal purchase price Total Checkouts Full call number Barcode Date last seen Copy number Price effective from Koha item type
    Library of Congress Classification   College Library College Library General Circulation Section 08/25/2012   2550.00   HD 9980.5 .Z44 2013 C15252 05/15/2018 1 10/18/2013 Books

Services marketing :

APA

Zeithaml V., Bitner M. J. & Gremler D. D. (2006). Services marketing. U.S.A: McGraw-Hill.

Chicago

Zeithaml Valarie, Bitner Mary Jo and Gremler Dwayne D. 2006. Services marketing. U.S.A: McGraw-Hill.

Harvard

Zeithaml V., Bitner M. J. and Gremler D. D. (2006). Services marketing. U.S.A: McGraw-Hill.

MLA

Zeithaml Valarie, Bitner Mary Jo and Gremler Dwayne D. Services marketing. U.S.A: McGraw-Hill. 2006.

  • Place hold
  • Print
  • Cite
  • Add to your cart (remove)
  • Save record
    BIBTEX Dublin Core MARCXML MARC (non-Unicode/MARC-8) MARC (Unicode/UTF-8) MARC (Unicode/UTF-8, Standard) MODS (XML) RIS
  • More searches
    Search for this title in:
    Other Libraries (WorldCat) Other Databases (Google Scholar) Online Stores (Bookfinder.com) Open Library (openlibrary.org)

Exporting to Dublin Core...

SOUTHVILLE LIBRARY

Southville International School and Colleges Library

1281 Tropical Ave. Cor. Luxembourg St., BF Homes International, Las Pinas City

Tel. No. 8256374 / 252358 Loc. 117/146

Powered by Koha